All tram stops in Bratislava - Statistics

General Stats
  • This quiz has been taken 141 times
  • The average score is 47 of 115
Answer Stats
Group Answers % Correct
Line 1 | Line 7 Hlavná stanica
80%
Line 1 | Line 3 | Line 4 Centrum
79%
Line 3 | Line 7 Račianske mýto
76%
Line 4 | Line 9 Trnavské mýto
73%
Line 1 STU
72%
Line 1 | Line 9 Poštová
70%
Line 7 STU
70%
Line 3 | Line 4 Americké nám.
68%
Line 3 | Line 7 | Line 9 Blumentál
68%
Line 4 Most SNP
62%
Line 1 | Line 7 Pod stanicou
62%
Line 1 | Line 9 Vysoká
62%
Line 4 | Line 9 Botanická záhrada
61%
Line 3 Sad Janka Kráľa
61%
Line 3 | Line 4 Šafárikovo nám.
61%
Line 4 Zlaté piesky
61%
Line 3 Jungmannova
59%
Line 1 Úrad vlády SR
58%
Line 1 Nám. Ľudovíta Štúra
56%
Line 9 Nemocnica Ružinov
56%
Line 3 | Line 7 Stanica Vinohrady
56%
Line 4 | Line 9 Krížna
55%
Line 3 | Line 4 Mariánska
55%
Line 4 Chatam Sófer
54%
Line 4 | Line 9 Lanfranconi
54%
Line 9 Saleziáni
54%
Line 4 Stanica Nové Mesto
52%
Line 9 Astronomická
49%
Line 1 Jesenského
49%
Line 3 Farského
48%
Line 9 Kapucínska
46%
Line 4 Pri kríži
45%
Line 4 | Line 9 Riviéra
42%
Line 3 | Line 7 Komisárky
39%
Line 4 | Line 9 Kráľovské údolie
38%
Line 3 Mladá Garda
38%
Line 7 Mladá garda
38%
Line 4 Česká
35%
Line 4 Miestny Úrad Nové mesto
34%
Line 4 Dolné Krčace
32%
Line 4 Horné Krčace
32%
Line 3 | Line 7 Nám. Biely kríž
32%
Line 7 Depo Krasňany
31%
Line 4 Nová doba
31%
Line 3 | Line 7 Pekná cesta
31%
Line 3 | Line 7 Riazanská
31%
Line 3 | Line 7 Ursínyho
31%
Line 3 Depo Krasňany
30%
Line 4 | Line 9 Segnerova
30%
Line 9 Herlianska
28%
Line 3 | Line 7 Pionierska
28%
Line 4 | Line 9 Kútiky
27%
Line 9 Líščie nivy
27%
Line 9 Tomášikova
27%
Line 4 Alexyho
25%
Line 4 Nám. sv. Františka
25%
Line 9 Nám. Sv. Františka
25%
Line 9 Súmračná
24%
Line 3 | Line 7 Černockého
23%
Line 4 Kuchajda
23%
Line 3 | Line 7 Záhumenice
23%
Line 4 | Line 9 Borská
21%
Line 3 | Line 7 Detvianska
21%
Line 3 | Line 7 Púchovská
21%
Line 3 | Line 7 Hečkova
20%
Line 4 Shopping Palace
20%
Line 9 Chlumeckého
18%
Line 4 Podvornice
18%
Line 4 Drobného
17%
Line 3 | Line 7 Hybešova
17%
Line 4 Jurajov dvor
17%
Line 4 | Line 9 Nad lúčkami
15%
Line 7 Úrad vlády SR
15%
Line 4 Vajnorská
14%
Line 3 | Line 7 Malokrasňanská
13%
Line 4 Záluhy
13%
Line 4 Magnetová
11%
Line 4 Švantnerova
11%
Line 4 Odborárska
10%
No matching quizzes found
Score Distribution
Percent of People with Each Score
Percentile by Number Answered
Your Score History
You have not taken this quiz